LEADER 02862nam 2200613 a 450 001 9910465218603321 005 20200520144314.0 010 $a1-78170-225-X 010 $a1-84779-422-X 035 $a(CKB)2560000000085861 035 $a(EBL)1069734 035 $a(OCoLC)818847550 035 $a(SSID)ssj0000712730 035 $a(PQKBManifestationID)12280892 035 $a(PQKBTitleCode)TC0000712730 035 $a(PQKBWorkID)10645276 035 $a(PQKB)11587293 035 $a(StDuBDS)EDZ0000085755 035 $a(MiAaPQ)EBC1069734 035 $a(Au-PeEL)EBL1069734 035 $a(CaPaEBR)ebr10627258 035 $a(CaONFJC)MIL843750 035 $a(EXLCZ)992560000000085861 100 $a20111017d2011 uy 0 101 0 $aeng 135 $aur|n|---||||| 181 $ctxt 182 $cc 183 $acr 200 10$aBritain and Africa under Blair$b[electronic resource] $ein pursuit of the good state /$fJulia Gallagher 210 $aManchester ;$aNew York $cManchester University Press ;$aNew York $cdistributed in the United States by Palgrave Macmillan$d2011 215 $a1 online resource (177 p.) 300 $aDescription based upon print version of record. 311 $a0-7190-9117-9 311 $a0-7190-8500-4 320 $aIncludes bibliographical references and index. 327 $a1. New Labour: doing good in Africa -- 2. Ideas of the good and the political -- 3. How the British found utopia in Africa -- 4. The good, the bad and the ambiguous -- 5. Healing the scar? -- 6. Idealisation in Africa -- 7. The good state -- 8. Conclusion. 330 $aAfrica was a key focus of Britain's foreign policy under Tony Blair. Military intervention in Sierra Leone, increases in aid and debt relief, and grand initiatives such as the Commission for Africa established the continent as a place in which Britain could 'do good'. Britain and Africa under Blair: in pursuit of the good state critically explores Britain's fascination with Africa. It argues that, under New Labour, Africa represented an area of policy that appeared to transcend politics. Gradually, it came to embody an ideal state activity around which politicians, officials and the wider publ 606 $aEconomic assistance, British$zAfrica$xHistory 607 $aGreat Britain$xForeign relations$zAfrica 607 $aAfrica$xForeign relations$zGreat Britain 607 $aGreat Britain$xForeign relations$y1997- 607 $aGreat Britain$xPolitics and government$y1997-2007 608 $aElectronic books. 615 0$aEconomic assistance, British$xHistory. 676 $a327.4106 700 $aGallagher$b Julia$0915047 801 0$bMiAaPQ 801 1$bMiAaPQ 801 2$bMiAaPQ 906 $aBOOK 912 $a9910465218603321 996 $aBritain and Africa under Blair$92050804 997 $aUNINA LEADER 05457nam 2200649Ia 450 001 9910144384503321 005 20170925022814.0 010 $a3-527-66052-6 010 $a1-282-02151-6 010 $a9786612021510 010 $a3-527-62450-3 010 $a3-527-62451-1 035 $a(CKB)1000000000579046 035 $a(EBL)481304 035 $a(OCoLC)316802968 035 $a(SSID)ssj0000231036 035 $a(PQKBManifestationID)11187386 035 $a(PQKBTitleCode)TC0000231036 035 $a(PQKBWorkID)10198526 035 $a(PQKB)11135800 035 $a(MiAaPQ)EBC481304 035 $a(EXLCZ)991000000000579046 100 $a19961119d2005 uy 0 101 0 $ager 135 $aur|n|---||||| 181 $ctxt 182 $cc 183 $acr 200 10$aQualita?tssicherung in der analytischen chemie$b[electronic resource] $eanwendungen in der umwelt-, lebensmittel- und werkstoffanalytik, biotechnologie und medizintechnik /$fWerner Funk, Vera Dammann, Gerhild Donnevert 210 $aWeinheim $cWiley-VCH$d2005 215 $a1 online resource (300 p.) 300 $aIncludes index. 311 $a3-527-31112-2 327 $aQualita?tssicherung in der Analytischen Chemie; lnhalt; Vowort; Formelzeichen; 0 Einleitung; 0.1 Allgemeine Unterscheidung der Analysenverfahren; 0.2 Qualita?t von Analysenergebnissen und -verfahren; 0.3 Das System der Analytischen Qualita?tssicherung; 0.4 Das 4-Phasen-Modell der Analytischen Qualita?tssicherung; 1 Phase I: Erstellung eines neuen Analysenverfahrens; 1.1 Einfu?hrung; 1.1.1 Zielsetzung der Phase I; 1.1.2 Wann werden die Kenndaten gewonnen?; 1.1.3 Ablauf der Phase I; 1.1.4 Ergebnisse der Phase I; Statistische Kenndaten 327 $a1.2 Kalibrierung des analytischen Grundverfahrens (Grundkalibrierung)1.2.1 Festlegung des Arbeitsbereichs; 1.2.2 Vorbereitung der Standardproben; 1.2.3 Ermittlung der Kalibrierfunktion und der Verfahrenskenndaten; 1.2.3.1 Verfahrenskenndaten der linearen Kalibrierfunktion; 1.2.3.2 Verfahrenskenndaten der Kalibrierfunktion 2. Grades; 1.2.3.3 Berechnung des Analysenergebnisses mit Hilfe der Kalibrierfunktionen; 1.2.3.3.1 Ergebnisangabe bei Verwendung der linearen Kalibrierfunktion; 1.2.3.3.2 Ergebnisangabe bei Verwendung der linearen Kalibrierfunktion 2. Grades 327 $a1.2.4 U?berpru?fung der Grundkalibrierung1.2.4.1 U?berpru?fung der Linearita?t; 1.2.4.1.1 Visueller Linearita?tstest; 1.2.4.1.2 Anpassungstest nach Mandel; 1.2.4.1.3 Residualanalyse; 1.2.4.2 U?berpru?fung der Pra?zision; 1.2.4.2.1 Varianzenhomogenita?t; 1.2.4.2.2 Ausreißertest; 1.2.4.2.3 Absicherung der unteren Arbeitsbereichsgrenze; 1.2.4.2.4 Relative analytische Unpra?zision; 1.3 Analysen bei geringen Stoffmengengehalten; 1.3.1 Nachweisgrenze; 1.3.2 Ermittlung der Erfassungsgrenze; 1.3.2.1 Erfassungsgrenze, ermittelt u?ber die Blindwertstreuung 327 $a1.3.2.2 Erfassungsgrenze, ermittelt u?ber die Kalibrierfunktion1.3.3 Bestimmungsgrenze; 1.3.4 Schnellscha?tzung; 1.3.5 Scha?tzung der Nachweis- und Bestimmungsgrenze u?ber das S/N-Verha?ltnis; 1.4 U?berpru?fung einzelner Verfahrensschritte und Untersuchung auf Matrixeinflu?sse; 1.4.1 Systematische Abweichungen; 1.4.1.1 Konstant-systematische Abweichungen, additive Abweichungen; 1.4.1.2 Proportional-systematische Abweichungen, multiplikative Abweichungen; 1.4.2 Ermittlung und Bewertung der Wiederfindungsfunktion; 1.4.2.1 Voraussetzung fu?r die Interpretation der Wiederfindungsfunktion 327 $a1.4.2.2 Pru?fung auf systematische Abweichungen1.4.3 Anwendung der Wiederfindungsfunktion; 1.4.3.1 U?berpru?fung einzelner Verfahrensschritte; 1.4.3.1.1 Bedeutung der Wiederfindungsrate; 1.4.3.1.2 Auswirkung einer konstant-systematischen Abweichung auf die Wiederfindungsrate; 1.4.3.2 Ermittlung der Wiederfindungsfunktion zum Nachweis von Matrixeinflu?ssen; 1.5 Weitergehende statistische Methoden; 1.6 Verwendung interner Standards; 1.6.1 Definition, Zweck; 1.6.2 Bedingungen und Einschra?nkungen fu?r den Einsatz von internen Standards; 1.6.3 Vorgehensweise; 1.7 Vorbereitung der Routineanalytik 327 $a1.7.1 U?berpru?fung der zeitlichen Abha?ngigkeit der Messwerte 330 $aEin Nachweis der Verla?sslichkeit analytischer Daten ist nur mit entsprechenden Qualita?tssicherungsmaßnahmen mo?glich. Dies gilt fu?r die Umwelt- oder Lebensmittelu?berwachung, die Werkstoffanalytik, aber auch die Bioanalytik in der biotechnologischen Industrie oder im medizinischen Bereich (In-vitro-Diagnostik, Point-of-Care-Testing).Die Autoren stellen dafu?r ein bewa?hrtes, durchga?ngiges Konzept vor, das auf statistischen Methoden beruht und von der Entwicklung einer analytischen Methode bis zu ihrer routinema?ßigen Anwendung reicht. Die zweite, komplett u?berarbeitete Auflage entha?lt neue Kapi 606 $aChemistry, Analytic$xQuality control 606 $aChemistry, Analytic$xMethodology 608 $aElectronic books. 615 0$aChemistry, Analytic$xQuality control. 615 0$aChemistry, Analytic$xMethodology. 676 $a543.0028 676 $a543.0685 700 $aFunk$b Werner$0973849 701 $aDammann$b Vera$0884211 701 $aDonnevert$b Gerhild$0884212 801 0$bMiAaPQ 801 1$bMiAaPQ 801 2$bMiAaPQ 906 $aBOOK 912 $a9910144384503321 996 $aQualita?tssicherung in der analytischen chemie$92216392 997 $aUNINA